00574 a2200169 4500003000500000005001700005010001300022040000900035082001300044100001900057245003900076260003400115300003300149505019300182600001900375650001000394Nust20230525113742.0 a38015121 cNust a823, GIB aGibbs, Philip, aAcross the frontierscPhilip Gibbs aLondon,bM. Joseph Ltd.c1938 a336 p.bfront. (port.)c22cm aTwenty years after (Page-7),The Cause if Passion (Page-73),The Stricken League (Page-119), The New Germany(Page-173),The Problem of the Jews (Page-263), Illusions and Realities (Page-283). aGibbs, Philip, cNovel